BYX Founding Fathers Michigan Quiz Stats

 Plays Quiz not verified by Sporcle

Challenge
Share
Tweet
Embed
Score 0/14 Timer 10:00
0 Plays Today
Answer % Correct
Andre Barbour
100%
Brandon Chang
100%
Wesley Cimmarrusti
91.7%
Reid Compagner
91.7%
Carter Doyle
91.7%
Ben Hoag
83.3%
Kuni Hotta
83.3%
Answer % Correct
Nate Huyck
83.3%
Zachary Jatkowski
83.3%
Tim Ko
83.3%
Sam Lee
75%
Ian Nieh
75%
Danny Pasternak
75%
Brooks Royster
75%

You're not logged in!

Compare scores with friends on all Sporcle quizzes.
OR
Log In

You Might Also Like...

Show Comments

Extras

Created Nov 5, 2014ReportNominate
Tags:byx, father, founding, michigan

Top Quizzes Today


Score Distribution

Your Account Isn't Verified!

In order to create a playlist on Sporcle, you need to verify the email address you used during registration. Go to your Sporcle Settings to finish the process.

Report this User

Report this user for behavior that violates our Community Guidelines.

Details: